[Event "Titled Tuesday intern op 10th Sep Early"]
[Site "Chess,com INT"]
[Date "2024.09.10"]
[Round "2"]
[White "Muratov, Batyrkhan"]
[Black "Bolat, Inayat"]
[Result "0-1"]
[WhiteElo "2337"]
[BlackElo "2264"]
[PlyCount "62"]
[EventDate "2024.09.10"]
[EventType "swiss (blitz)"]
[EventRounds "11"]
[EventCountry "USA"]
[SourceTitle "EXT 2025"]
[Source "ChessBase"]
[SourceDate "2024.10.14"]
[SourceVersion "1"]
[SourceVersionDate "2024.10.14"]
[SourceQuality "1"]

1. d4 Nf6 2. Nf3 g6 3. c4 Bg7 4. Nc3 0-0 5. e4 d6 6. Be2 e5 7. 0-0 Bg4 8. Be3 Nbd7 9. h3 Bxf3 10. Bxf3 exd4 11. Bxd4 Re8 12. Qc2 c6 13. Rfe1 Qc7 14. Rad1 Rad8 15. b4 Ne5 16. Be2 d5 17. exd5 cxd5 18. Nb5 Qd7 19. c5 Nc6 20. Bc3 Re6 21. Bf3 Nxb4 22. Bxb4 Qxb5 23. Qb3 Rde8 24. Rxe6 fxe6 25. a4 Qc6 26. Be2 a6 27. Ba3 Nd7 28. Qb4 Rc8 29. Rc1 Be5 30. Bg4 Nf8 31. Re1 Bb8 0-1

[Event "Titled Tuesday intern op 10th Sep Early"]
[Site "Chess,com INT"]
[Date "2024.09.10"]
[Round "6"]
[White "Muratov, Batyrkhan"]
[Black "Palencia Morales, Wilson Guillermo"]
[Result "0-1"]
[WhiteElo "2337"]
[BlackElo "2184"]
[PlyCount "76"]
[EventDate "2024.09.10"]
[EventType "swiss (blitz)"]
[EventRounds "11"]
[EventCountry "USA"]
[SourceTitle "EXT 2025"]
[Source "ChessBase"]
[SourceDate "2024.10.14"]
[SourceVersion "1"]
[SourceVersionDate "2024.10.14"]
[SourceQuality "1"]

1. d4 c5 2. e3 Nf6 3. Nf3 g6 4. b3 Bg7 5. Bb2 0-0 6. Be2 d6 7. 0-0 Nc6 8. c4 d5 9. Nc3 cxd4 10. Nxd4 e5 11. Nxc6 bxc6 12. cxd5 cxd5 13. Ba3 Re8 14. Bb5 Bd7 15. Qd3 Bxb5 16. Nxb5 Qa5 17. Bb2 a6 18. Nc3 Rad8 19. Ne2 Ne4 20. Ng3 Nc5 21. Qc2 Rc8 22. Rfc1 h5 23. h3 Qb5 24. Qd2 h4 25. Ne2 Ne4 26. Qe1 Qd3 27. Rd1 Qc2 28. Ba3 d4 29. Rdc1 Qd3 30. exd4 exd4 31. Rxc8 Rxc8 32. Nf4 Qc3 33. Rc1 Qxe1+ 34. Rxe1 Nc3 35. Bb2 Nxa2 36. Nd5 Kh7 37. Ra1 Nc3 38. Rxa6 Nxd5 0-1

[Event "Titled Tuesday intern op 10th Sep Early"]
[Site "Chess,com INT"]
[Date "2024.09.10"]
[Round "4"]
[White "Muratov, Batyrkhan"]
[Black "Saim, Mohamed Ilias"]
[Result "1-0"]
[WhiteElo "2337"]
[BlackElo "2169"]
[PlyCount "73"]
[EventDate "2024.09.10"]
[EventType "swiss (blitz)"]
[EventRounds "11"]
[EventCountry "USA"]
[SourceTitle "EXT 2025"]
[Source "ChessBase"]
[SourceDate "2024.10.14"]
[SourceVersion "1"]
[SourceVersionDate "2024.10.14"]
[SourceQuality "1"]

1. d4 Nf6 2. Nf3 e6 3. e3 d5 4. Bd3 Bd6 5. 0-0 b6 6. b3 Bb7 7. Bb2 Ne4 8. Ne5 0-0 9. f3 Nf6 10. Nd2 c5 11. Rc1 Nc6 12. c4 cxd4 13. exd4 Rc8 14. Qe2 h6 15. f4 Bb8 16. Ndf3 dxc4 17. bxc4 a6 18. Rfd1 Nb4 19. Bb1 b5 20. a3 Nc6 21. c5 Na5 22. h3 Nd5 23. f5 Nc4 24. Rxc4 bxc4 25. fxe6 fxe6 26. Qe4 Rf5 27. g4 Nc3 28. Qxb7 Nxd1 29. gxf5 Nxb2 30. Qf7+ Kh8 31. Ng6+ Kh7 32. fxe6 Qf6 33. Ne7+ Kh8 34. Qxf6 gxf6 35. Nxc8 Nd1 36. e7 Nc3 37. e8Q+ 1-0

[Event "Titled Tuesday intern op 10th Sep Early"]
[Site "Chess,com INT"]
[Date "2024.09.10"]
[Round "7"]
[White "Winkels, Marcel"]
[Black "Muratov, Batyrkhan"]
[Result "0-1"]
[WhiteElo "1924"]
[BlackElo "2337"]
[PlyCount "66"]
[EventDate "2024.09.10"]
[EventType "swiss (blitz)"]
[EventRounds "11"]
[EventCountry "USA"]
[SourceTitle "EXT 2025"]
[Source "ChessBase"]
[SourceDate "2024.10.14"]
[SourceVersion "1"]
[SourceVersionDate "2024.10.14"]
[SourceQuality "1"]

1. e4 c5 2. Nf3 Nc6 3. d4 cxd4 4. Nxd4 g6 5. c4 Nf6 6. Nc3 d6 7. Be2 Nxd4 8. Qxd4 Bg7 9. 0-0 0-0 10. Be3 Ng4 11. Qd2 Nxe3 12. Qxe3 Be6 13. Rac1 Qa5 14. a3 Rfc8 15. Nd5 Bxd5 16. exd5 Bxb2 17. Rb1 Qxa3 18. Qxa3 Bxa3 19. Rxb7 Rcb8 20. Rxe7 a5 21. f4 Bc5+ 22. Kh1 a4 23. f5 a3 24. fxg6 hxg6 25. Rfxf7 Rb1+ 26. Bf1 Bd4 27. c5 a2 28. h4 a1Q 29. cxd6 Rxf1+ 30. Kh2 Rh1+ 31. Kg3 Be5+ 32. Kg4 Bxd6 33. Rg7+ Qxg7 0-1

[Event "Leca da Palmeira op 3rd"]
[Site "Leca da Palmeira"]
[Date "2024.08.01"]
[Round "2"]
[White "Muratov, Batyrkhan"]
[Black "Mekhane, Adam"]
[Result "0-1"]
[WhiteElo "1908"]
[BlackElo "2314"]
[PlyCount "138"]
[EventDate "2024.07.31"]
[EventType "swiss"]
[EventRounds "9"]
[EventCountry "POR"]
[SourceTitle "EXT 2025"]
[Source "ChessBase"]
[SourceDate "2024.10.14"]
[SourceVersion "1"]
[SourceVersionDate "2024.10.14"]
[SourceQuality "1"]

1. e4 c5 2. Nf3 d6 3. d4 cxd4 4. Nxd4 Nf6 5. Nc3 a6 6. Bg5 Nbd7 7. Bc4 Qb6 8. Nb3 e6 9. Qe2 Be7 10. 0-0-0 Ne5 11. f4 Nxc4 12. Qxc4 h6 13. Bxf6 gxf6 14. Nd4 Qc5 15. Qe2 Bd7 16. f5 0-0-0 17. g4 Kb8 18. Qd2 h5 19. h3 Rdg8 20. Rhg1 hxg4 21. Rxg4 Rxg4 22. hxg4 Rh4 23. Qg2 Qe5 24. Nce2 Qh2 25. Rg1 Qxg2 26. Rxg2 Bf8 27. Kd2 Bh6+ 28. Kd3 Rh1 29. Ng3 Rd1+ 30. Kc3 Bf4 31. Nf3 Bc6 32. Nh5 Rf1 33. Nd2 Be5+ 34. Kb3 Rh1 35. fxe6 fxe6 36. Rf2 Bd4 37. Rf3 f5 38. Ng3 Rd1 39. gxf5 exf5 40. Rd3 f4 41. Nf5 Bc5 42. Nxd6 f3 43. Nxf3 Rxd3+ 44. cxd3 Bxd6 45. Kc3 Kc7 46. b3 Bf8 47. Ng5 Bg7+ 48. d4 Bh6 49. Ne6+ Kc8 50. d5 Bd7 51. Nc5 Bg7+ 52. Kd3 b6 53. Nxd7 Kxd7 54. Kc4 Kd6 55. a4 Bb2 56. Kb4 Bc1 57. Kc4 Be3 58. Kd3 Bg1 59. Kc4 Be3 60. Kd3 Bf2 61. Ke2 Bc5 62. Kd3 Ke5 63. Kc4 Bf8 64. Kd3 Be7 65. Ke3 Bc5+ 66. Kd3 a5 67. Kc4 Kxe4 68. b4 Bxb4 69. Kb5 Kxd5 0-1

[Event "Benasque op 43rd"]
[Site "Benasque"]
[Date "2024.07.13"]
[Round "9"]
[White "Ubilava, Elizbar"]
[Black "Muratov, Batyrkhan"]
[Result "1-0"]
[WhiteElo "2415"]
[BlackElo "1908"]
[PlyCount "67"]
[EventDate "2024.07.05"]
[EventType "swiss"]
[EventRounds "10"]
[EventCountry "ESP"]
[SourceTitle "CBM 221 Extra"]
[Source "ChessBase"]
[SourceDate "2024.09.30"]
[SourceVersion "1"]
[SourceVersionDate "2024.09.30"]
[SourceQuality "1"]

1. Nf3 d6 2. d4 Bg4 3. c4 Nd7 4. e4 Bxf3 5. Qxf3 g6 6. g4 Bg7 7. Qd1 c6 8. Na3 e5 9. d5 Qc7 10. h4 Ngf6 11. f3 h5 12. g5 Nh7 13. Bh3 a6 14. Be3 0-0 15. Qd2 c5 16. 0-0 Rfb8 17. Qe2 b6 18. Rab1 Ra7 19. Rfc1 Rab7 20. b4 Qd8 21. Kh2 Bf8 22. Nc2 Be7 23. Rg1 Bf8 24. Ne1 Bg7 25. Nd3 Nhf8 26. Qd2 Qc7 27. Rgc1 Nh7 28. Rb3 Bf8 29. Rcb1 Be7 30. R3b2 f6 31. Bxd7 Qxd7 32. bxc5 dxc5 33. gxf6 Nxf6 34. Bxc5 1-0

[Event "Benasque op 43rd"]
[Site "Benasque"]
[Date "2024.07.12"]
[Round "8"]
[White "Muratov, Batyrkhan"]
[Black "Montesinos Diaz, Luis"]
[Result "1-0"]
[WhiteElo "1908"]
[BlackElo "2127"]
[PlyCount "73"]
[EventDate "2024.07.05"]
[EventType "swiss"]
[EventRounds "10"]
[EventCountry "ESP"]
[SourceTitle "CBM 221 Extra"]
[Source "ChessBase"]
[SourceDate "2024.09.30"]
[SourceVersion "1"]
[SourceVersionDate "2024.09.30"]
[SourceQuality "1"]

1. e4 c6 2. d4 d5 3. f3 g6 4. e5 Bg7 5. Be3 c5 6. f4 cxd4 7. Qxd4 Nc6 8. Qd2 f6 9. Na3 Bf5 10. 0-0-0 e6 11. Nf3 a6 12. Bd4 fxe5 13. Nxe5 Nxe5 14. Bxe5 Bxe5 15. fxe5 Ne7 16. Bd3 0-0 17. Rhf1 Bxd3 18. Qxd3 Nf5 19. Qd2 Qb6 20. Rf3 Qc5 21. g4 Nh4 22. Rf6 Nf3 23. Qe2 Ng5 24. c3 Ne4 25. Rxf8+ Rxf8 26. Qd3 Rf2 27. h4 Qe7 28. g5 Qf8 29. Qe3 Rf3 30. Qb6 Nxc3 31. bxc3 Qxa3+ 32. Kb1 Qe7 33. c4 Rf4 34. c5 Rxh4 35. Rf1 Qd7 36. Ka1 d4 37. c6 1-0

[Event "Benasque op 43rd"]
[Site "Benasque"]
[Date "2024.07.05"]
[Round "1"]
[White "Pantsulaia, Levan"]
[Black "Muratov, Batyrkhan"]
[Result "1-0"]
[WhiteElo "2518"]
[BlackElo "1908"]
[PlyCount "75"]
[EventDate "2024.07.05"]
[EventType "swiss"]
[EventRounds "10"]
[EventCountry "ESP"]
[SourceTitle "CBM 221 Extra"]
[Source "ChessBase"]
[SourceDate "2024.09.30"]
[SourceVersion "1"]
[SourceVersionDate "2024.09.30"]
[SourceQuality "1"]

1. Nf3 d6 2. d4 Nf6 3. g3 g6 4. Bg2 Bg7 5. c4 0-0 6. Nc3 Nc6 7. d5 Nb8 8. 0-0 a5 9. e4 Nbd7 10. Re1 Nc5 11. e5 Ng4 12. Bf4 dxe5 13. Nxe5 Nxe5 14. Bxe5 Bxe5 15. Rxe5 f6 16. Re3 Ra6 17. Qd4 Ne6 18. Qe4 Ng7 19. Qxe7 Nf5 20. Qxd8 Rxd8 21. Re2 Bd7 22. c5 Raa8 23. d6 cxd6 24. Bxb7 dxc5 25. Bxa8 Rxa8 26. Nd5 Kg7 27. Rc1 Bb5 28. Nc7 Rb8 29. Nxb5 Rxb5 30. Kg2 Nd4 31. Re7+ Kh6 32. b3 Rb6 33. Rxc5 a4 34. bxa4 Rb2 35. h4 Nf5 36. Re6 Rxa2 37. a5 Nd4 38. Rxf6 1-0